地上、地下両方にホームをもつ同一事業者の駅 - Statistics

General Stats
  • This quiz has been taken 602 times
  • The average score is 8 of 15
Answer Stats
駅名 地上 地下 % Correct
東京 東海道線など 京葉線など
98%
上野 在来線 新幹線
90%
大阪 大阪環状線など おおさか東線
89%
大宮 高崎線など 埼京線、川越線
84%
仙台 東北本線など 仙石線
83%
新橋 東海道線など 横須賀線
79%
新宿 小田原線(急行など) 小田原線(各駅停車)
77%
大阪上本町 大阪線 奈良線・難波線
54%
後楽園 丸ノ内線 南北線
29%
四ツ谷 丸ノ内線 南北線
29%
多摩川 東横線、目黒線 東急多摩川線
23%
土合 上越線(水上方面) 上越線(長岡方面)
19%
三軒茶屋 世田谷線 田園都市線
15%
湯檜曽 上越線(水上方面) 上越線(長岡方面)
13%
住之江公園 南港ポートタウン線 四つ橋線
7%
No matching quizzes found
Score Distribution
Percent of People with Each Score
Percentile by Number Answered
Your Score History
You have not taken this quiz